All F1 Drivers 2021 Edition - Statistics

General Stats
  • This quiz has been taken 2,650 times
    2,232 since last reset
  • The average score is 19 of 21
Answer Stats
Team Driver % Correct
Mercedes Lewis Hamilton
100%
Red Bull Max Verstappen
99%
Mclaren Lando Norris
98%
Mercedes Valtteri Bottas
98%
Ferrari Charles Leclerc
97%
Red Bull Sergio Perez
97%
Ferrari Carlos Sainz
96%
Mclaren Daniel Ricciardo
95%
Aston Martin Sebastian Vettel
95%
Alpine Fernando Alonso
94%
Aston Martin Lance Stroll
94%
Alpha Tauri Pierre Gasly
94%
Alpine Esteban Ocon
92%
Alpha Tauri Yuki Tsunoda
90%
Williams George Russell
88%
Haas Mick Schumacher
87%
Williams Nicholas Latifi
84%
Alfa Romeo Kimi Raikkonen
82%
Haas Nikita Mazepin
80%
Alfa Romeo Antonio Giovinazzi
71%
Alfa Romeo Robert Kubica
54%
No matching quizzes found
Score Distribution
Percent of People with Each Score
Percentile by Number Answered
Your Score History
You have not taken this quiz since the last reset